Every Yes Member - Statistics

General Stats
  • This quiz has been taken 14 times
  • The average score is 15 of 20
Answer Stats
Picture Answer % Correct
Alan White
100%
Bill Bruford
100%
Jon Anderson
100%
Oliver Wakeman
100%
Patrick Moraz
100%
Rick Wakeman
100%
Steve Howe
100%
Tony Kaye
100%
Trevor Horn
100%
Trevor Rabin
100%
Chris Squire
80%
Peter Banks
80%
Billy Sherwood
60%
Eddie Jobson
60%
Geoff Downes
60%
Igor Khoroshev
60%
Jon Davison
60%
Benoît David
40%
Jay Schellen
20%
Tony O'Reilly
20%
No matching quizzes found
Score Distribution
Percent of People with Each Score
Percentile by Number Answered
Your Score History
You have not taken this quiz